Biggest European Cities that end in G with a Map - Statistics

General Stats
  • This quiz has been taken 189 times
  • The average score is 15 of 29
Answers on the Map
Answers color-coded by a green-red scale on the quiz's map according to % correct below.
 
Answer Stats
Population City % Correct
1,847,253 Hamburg
99%
5,384,342 Saint Petersburg
99%
655,078 Gothenburg
96%
518,370 Nuremberg
88%
284,677 Strasbourg
82%
593,145 Leipzig
79%
124,509 Luxembourg
79%
155,416 Salzburg
79%
119,219 Aalborg
69%
296,582 Augsburg
67%
231,195 Freiburg
63%
498,686 Duisburg
58%
237,565 Magdeburg
52%
113,816 Helsingborg
42%
169,605 Oldenburg
42%
152,270 Regensburg
42%
158,741 Heidelberg
40%
572,819 Orenburg
40%
229,482 Reading
40%
221,969 Tilburg
40%
101,126 Jönköping
38%
123,830 Wolfsburg
37%
119,006 Linköping
36%
126,954 Würzburg
31%
118,582 Elbląg
21%
115,191 Worthing
17%
248,269 Taganrog
15%
107,854 Woking
15%
174,685 Tekirdağ
13%
No matching quizzes found
Score Distribution
Percent of People with Each Score
Percentile by Number Answered
Your Score History
You have not taken this quiz